00230nam a2200097Ia 4500001000800000005001700008008004100025020001800066245003000084260001800114126187520260417140400.0260417s9999 xx 000 0 und d a9786256666849 0aKıskanç AdamcJo Nesbo bDoğan Kitap